Popeye / (Record no. 379229)
[ view plain ]
| 000 -LEADER | |
|---|---|
| fixed length control field | 04354cgm a2201009 i 4500 |
| 001 - CONTROL NUMBER | |
| control field | ocn995854657 |
| 003 - CONTROL NUMBER IDENTIFIER | |
| control field | OCoLC |
| 005 - DATE AND TIME OF LATEST TRANSACTION | |
| control field | 20221205144218.0 |
| 007 - PHYSICAL DESCRIPTION FIXED FIELD--GENERAL INFORMATION | |
| fixed length control field | vd cvaizq |
| 008 - FIXED-LENGTH DATA ELEMENTS--GENERAL INFORMATION | |
| fixed length control field | 170731r20171980cau113 vleng d |
| 040 ## - CATALOGING SOURCE | |
| Original cataloging agency | TEFMT |
| Language of cataloging | eng |
| Description conventions | rda |
| Transcribing agency | TEFMT |
| Modifying agency | TEF |
| -- | OCLCF |
| -- | UAG |
| -- | OCLCO |
| -- | CLE |
| -- | OCLCO |
| -- | BYV |
| -- | OCLCO |
| -- | OMB |
| -- | GK8 |
| -- | OCLCA |
| -- | OCL |
| -- | IUK |
| -- | OCLCQ |
| -- | OCLCO |
| -- | INR |
| -- | WACOL |
| 024 10 - OTHER STANDARD IDENTIFIER | |
| Standard number or code | 032429281906 |
| 028 42 - PUBLISHER NUMBER | |
| Publisher number | 59191156000 |
| Source | Paramount Home Entertainment |
| 035 ## - SYSTEM CONTROL NUMBER | |
| System control number | (OCoLC)995854657 |
| 037 ## - SOURCE OF ACQUISITION | |
| Source of stock number/acquisition | Midwest Tape |
| Note | http://www.midwesttapes.com |
| 041 1# - LANGUAGE CODE | |
| Language code of text/sound track or separate title | eng |
| -- | fre |
| -- | eng |
| Language code of original and/or intermediate translations of text | eng |
| 046 ## - SPECIAL CODED DATES | |
| Beginning or single date created | 1980 |
| 050 #4 - LIBRARY OF CONGRESS CALL NUMBER | |
| Classification number | PN1997 |
| Item number | .P66 2017 |
| 082 04 - DEWEY DECIMAL CLASSIFICATION NUMBER | |
| Classification number | 791.43/72 |
| Edition number | 23 |
| 092 ## - LOCALLY ASSIGNED DEWEY CALL NUMBER (OCLC) | |
| Classification number | dvd |
| Item number | popeye |
| 049 ## - LOCAL HOLDINGS (OCLC) | |
| Holding library | WACL |
| 245 00 - TITLE STATEMENT | |
| Title | Popeye / |
| Statement of responsibility, etc | Paramount Pictures Corporation and Walt Disney Productions present a Robert Evans production, a Robert Altman film ; screenplay by Jules Feiffer ; produced by Robert Evans ; directed by Robert Altman. |
| 257 ## - COUNTRY OF PRODUCING ENTITY FOR ARCHIVAL FILMS | |
| Country of producing entity | United States |
| -- | naf |
| 264 #1 - Production, Publication, Distribution, Manufacture, and Copyright Notice. | |
| Place of production, publication, distribution, manufacture | Los Angeles, CA : |
| Name of producer, publisher, distributor, manufacturer | Paramount Home Entertainment, |
| Date of production, publication, distribution, manufacture, or copyr | [2017] |
| 264 #4 - Production, Publication, Distribution, Manufacture, and Copyright Notice. | |
| Date of production, publication, distribution, manufacture, or copyr | �1980 |
| 300 ## - PHYSICAL DESCRIPTION | |
| Extent | 1 videodisc (113 min.) : |
| Other physical details | sound, color ; |
| Dimensions | 4 3/4 in. |
| 336 ## - Content Type | |
| Content type term | two-dimensional moving image |
| 337 ## - Media type | |
| Media type term | video |
| 338 ## - Carrier type | |
| Carrier type term | videodisc |
| 344 ## - | |
| -- | digital |
| -- | rdatr |
| 344 ## - | |
| -- | optical |
| -- | rdarm |
| 344 ## - | |
| -- | surround |
| -- | rdacpc |
| 344 ## - | |
| -- | Dolby digital |
| 344 ## - | |
| -- | stereo |
| 344 ## - | |
| -- | mono |
| 344 ## - | |
| -- | Dolby digital 5.1 |
| 344 ## - | |
| -- | Dolby digital 2.0 |
| 346 ## - | |
| -- | DVD |
| -- | NTSC |
| 347 ## - | |
| -- | video file |
| 347 ## - | |
| -- | DVD video |
| 347 ## - | |
| -- | region 1 |
| 380 ## - | |
| -- | Motion picture. |
| 538 ## - SYSTEM DETAILS NOTE | |
| System details note | DVD, wide screen; Dolby digital 5.1, Dolby digital 2.0, Dolby digital mono. |
| 546 ## - LANGUAGE NOTE | |
| Language note | English or French dialogue; English subtitles. |
| 511 1# - PARTICIPANT OR PERFORMER NOTE | |
| Participant or performer note | Robin Williams, Shelley Duvall, Ray Walston, Wesley Ivan Hurt, Paul Dooley, Paul L. Smith, Richard Libertini, Donald Moffat. |
| 508 ## - CREATION/PRODUCTION CREDITS NOTE | |
| Creation/production credits note | Director of photography, Giuseppe Rotunno ; music and lyrics, Harry Nilsson ; additional score, Tom Pierson. |
| 500 ## - GENERAL NOTE | |
| General note | Based on the Popeye characters created by E.C. Segar for King Features Syndicate. |
| 500 ## - GENERAL NOTE | |
| General note | Originally released as a motion picture in 1980. |
| 521 8# - TARGET AUDIENCE NOTE | |
| Target audience note | Rating: PG. |
| 520 ## - SUMMARY, ETC. | |
| Summary, etc | Live-action version of the popular cartoon with Olive Oyl, Wimpy, Bluto and others joining Popeye in his adventures in the harbor town of Sweethaven. |
| 521 ## - TARGET AUDIENCE NOTE | |
| Target audience note | dvd |
| Source | amazon |
| 600 00 - SUBJECT ADDED ENTRY--PERSONAL NAME | |
| Personal name | Popeye |
| Titles and other words associated with a name | (Fictitious character) |
| Form subdivision | Drama. |
| 9 (RLIN) | 6458990 |
| 650 #0 - SUBJECT ADDED ENTRY--TOPICAL TERM | |
| Topical term or geographic name as entry element | Oyl, Olive (Fictitious character) |
| Form subdivision | Drama. |
| 9 (RLIN) | 6458991 |
| 600 07 - SUBJECT ADDED ENTRY--PERSONAL NAME | |
| Personal name | Popeye |
| Titles and other words associated with a name | (Fictitious character) |
| Source of heading or term | fast |
| -- | (OCoLC)fst01071299 |
| 9 (RLIN) | 6458992 |
| 650 #7 - SUBJECT ADDED ENTRY--TOPICAL TERM | |
| Topical term or geographic name as entry element | Oyl, Olive (Fictitious character) |
| Source of heading or term | fast |
| -- | (OCoLC)fst01748375 |
| 9 (RLIN) | 6458993 |
| 655 #7 - INDEX TERM--GENRE/FORM | |
| Genre/form data or focus term | Romantic comedy films. |
| Source of term | fast |
| -- | (OCoLC)fst01710433 |
| 655 #7 - INDEX TERM--GENRE/FORM | |
| Genre/form data or focus term | Fiction films. |
| Source of term | fast |
| -- | (OCoLC)fst01710264 |
| 655 #7 - INDEX TERM--GENRE/FORM | |
| Genre/form data or focus term | Comedy films. |
| Source of term | fast |
| -- | (OCoLC)fst01710291 |
| 655 #7 - INDEX TERM--GENRE/FORM | |
| Genre/form data or focus term | Drama. |
| Source of term | fast |
| -- | (OCoLC)fst01423879 |
| 655 #7 - INDEX TERM--GENRE/FORM | |
| Genre/form data or focus term | Feature films. |
| Source of term | fast |
| -- | (OCoLC)fst01710384 |
| 655 #7 - INDEX TERM--GENRE/FORM | |
| Genre/form data or focus term | Feature films. |
| Source of term | lcgft |
| 655 #7 - INDEX TERM--GENRE/FORM | |
| Genre/form data or focus term | Comedy films. |
| Source of term | lcgft |
| 655 #7 - INDEX TERM--GENRE/FORM | |
| Genre/form data or focus term | Romantic comedy films. |
| Source of term | lcgft |
| 655 #7 - INDEX TERM--GENRE/FORM | |
| Genre/form data or focus term | Fiction films. |
| Source of term | lcgft |
| 655 #7 - INDEX TERM--GENRE/FORM | |
| Genre/form data or focus term | Films comiques. |
| Source of term | rvmgf |
| 9 (RLIN) | 6444564 |
| 655 #7 - INDEX TERM--GENRE/FORM | |
| Genre/form data or focus term | Com�edies romantiques (Films) |
| Source of term | rvmgf |
| 9 (RLIN) | 6445085 |
| 655 #7 - INDEX TERM--GENRE/FORM | |
| Genre/form data or focus term | Films de fiction. |
| Source of term | rvmgf |
| 9 (RLIN) | 5762020 |
| 700 1# - ADDED ENTRY--PERSONAL NAME | |
| Personal name | Altman, Robert, |
| Dates associated with a name | 1925-2006, |
| Relator term | film director. |
| 9 (RLIN) | 13869 |
| 700 1# - ADDED ENTRY--PERSONAL NAME | |
| Personal name | Evans, Robert, |
| Dates associated with a name | 1930-2019. |
| 9 (RLIN) | 6458994 |
| 700 1# - ADDED ENTRY--PERSONAL NAME | |
| Personal name | Feiffer, Jules. |
| 9 (RLIN) | 7696 |
| 700 1# - ADDED ENTRY--PERSONAL NAME | |
| Personal name | Williams, Robin, |
| Dates associated with a name | 1951-2014, |
| Relator term | actor. |
| 9 (RLIN) | 5732437 |
| 700 1# - ADDED ENTRY--PERSONAL NAME | |
| Personal name | Duvall, Shelley, |
| Dates associated with a name | 1949- |
| Relator term | actor. |
| 9 (RLIN) | 30050 |
| 700 1# - ADDED ENTRY--PERSONAL NAME | |
| Personal name | Walston, Ray, |
| Dates associated with a name | 1917-2001, |
| Relator term | actor. |
| 9 (RLIN) | 24474 |
| 700 1# - ADDED ENTRY--PERSONAL NAME | |
| Personal name | Dooley, Paul, |
| Dates associated with a name | 1928- |
| 9 (RLIN) | 62315 |
| 700 1# - ADDED ENTRY--PERSONAL NAME | |
| Personal name | Smith, Paul, |
| Dates associated with a name | 1936-2012. |
| 9 (RLIN) | 6458995 |
| 700 1# - ADDED ENTRY--PERSONAL NAME | |
| Personal name | Libertini, Richard. |
| 9 (RLIN) | 5749817 |
| 700 1# - ADDED ENTRY--PERSONAL NAME | |
| Personal name | Moffat, Donald, |
| Dates associated with a name | 1930-2018. |
| 9 (RLIN) | 5811194 |
| 700 1# - ADDED ENTRY--PERSONAL NAME | |
| Personal name | Rotunno, Giuseppe. |
| 9 (RLIN) | 6195882 |
| 700 1# - ADDED ENTRY--PERSONAL NAME | |
| Personal name | Nilsson, Harry. |
| 9 (RLIN) | 36944 |
| 700 1# - ADDED ENTRY--PERSONAL NAME | |
| Personal name | Pierson, Tom, |
| Dates associated with a name | 1948- |
| 9 (RLIN) | 6195883 |
| 700 1# - ADDED ENTRY--PERSONAL NAME | |
| Personal name | Segar, E. C. |
| Fuller form of name | (Elzie Crisler), |
| Dates associated with a name | 1894-1938. |
| 9 (RLIN) | 6195884 |
| 710 2# - ADDED ENTRY--CORPORATE NAME | |
| Corporate name or jurisdiction name as entry element | Paramount Home Entertainment (Firm), |
| Relator term | publisher. |
| 9 (RLIN) | 72161 |
| 710 2# - ADDED ENTRY--CORPORATE NAME | |
| Corporate name or jurisdiction name as entry element | Walt Disney Productions. |
| 730 02 - ADDED ENTRY--UNIFORM TITLE | |
| -- | Container of (work) |
| Uniform title | Popeye (Motion picture) |
| 9 (RLIN) | 6195877 |
| 730 02 - ADDED ENTRY--UNIFORM TITLE | |
| -- | Container of (expression) |
| Uniform title | Popeye (Motion picture). |
| Language of a work | French. |
| 9 (RLIN) | 6458996 |
| 994 ## - | |
| -- | C0 |
| -- | WACOL |
| Withdrawn status | Lost status | Source of classification or shelving scheme | Damaged status | Not for loan | Collection code | Home library | Current library | Shelving location | Date acquired | Source of acquisition | Total Checkouts | Total Renewals | Full call number | Barcode | Date last seen | Date checked out | Cost, replacement price | Price effective from | Koha item type |
|---|---|---|---|---|---|---|---|---|---|---|---|---|---|---|---|---|---|---|---|
| Dewey Decimal Classification | Movies | Wasatch County Library | Wasatch County Library | Audio Visual Area | 12/05/2022 | Amazon | 7 | 3 | DVD Popeye | 34301001850488 | 04/28/2024 | 04/13/2024 | 5.99 | 12/05/2022 | DVD |
